Lay vs. Lie Quiz Stats

Quiz Updated Jan 26, 2013

Challenge
Share
Tweet
Embed
Score 0/16 Timer 02:00
2 Plays Today
Sentence Lay or Lie? % Correct
Have you ever seen a chicken _____ an egg????
94.2%
_____ your cards on the table.???
85.9%
_____ down your weapons and put your hands up!???
84.5%
Yesterday, she _____ on the couch all day.???
82.6%
You should _____ down because you look tired.???
79.7%
Please _____ the books on the shelf.???
79.4%
He'll _____ down for 20 minutes after lunch.???
78.1%
Last night I _____ awake and couldn’t sleep.???
75.6%
Sentence Lay or Lie? % Correct
I _____ on the floor earlier today because my back hurt.???
75.4%
The pigs _____ in the mud yesterday after the rain.???
74.7%
_____ on the ground and look at the stars.???
73.8%
I only want to _____ in bed when I'm sick.???
73%
Don't just _____ there, get up!???
71.9%
It’s nice to _____ by the pool on a hot day.???
67.2%
They just _____ around the house all last weekend.???
59.9%
I think I'll _____ low for a while.???
50.7%

You're not logged in!

Compare scores with friends on all Sporcle quizzes.
Sign Up with Email
OR
Log In

You Might Also Like...

Show Comments

Extras

Top Quizzes Today


Score Distribution

Your Account Isn't Verified!

In order to create a playlist on Sporcle, you need to verify the email address you used during registration. Go to your Sporcle Settings to finish the process.